[Event "SVK-chT1E 2122"]
[Site "Slovakia"]
[Date "2022.02.27"]
[Round "5.2"]
[White "Ladnak, Marek"]
[Black "Novotny, Adam"]
[Result "0-1"]
[WhiteElo "1862"]
[BlackElo "2134"]
[PlyCount "78"]
[EventDate "2022.01.29"]
[EventType "team-tourn"]
[EventRounds "11"]
[EventCountry "SVK"]
[SourceTitle "EXT 2023"]
[Source "ChessBase"]
[SourceDate "2022.10.05"]
[SourceVersion "1"]
[SourceVersionDate "2022.10.05"]
[SourceQuality "1"]
[WhiteTeam "Dunajov Inbest II"]
[BlackTeam "Presov Tatran Dason"]
[WhiteTeamCountry "SVK"]
[BlackTeamCountry "SVK"]

1. e4 c5 2. Nf3 g6 3. d4 cxd4 4. Nxd4 Bg7 5. Be3 Nc6 6. c4 Nf6 7. Nc3 d6 8. Be2 0-0 9. 0-0 Bd7 10. Rc1 a5 11. b3 a4 12. bxa4 Nxd4 13. Bxd4 Bc6 14. f3 Nd7 15. Rb1 Bxd4+ 16. Qxd4 Qa5 17. Bd1 Nc5 18. Nd5 Rfe8 19. Rf2 Ne6 20. Qe3 f6 21. Bb3 Nc5 22. Nc3 Kg7 23. Nb5 Rec8 24. Nc3 Rc7 25. Bc2 Kf7 26. Nd5 Bxd5 27. exd5 Nxa4 28. Qh6 Kg8 29. f4 f5 30. Bxf5 gxf5 31. Rf3 Qc5+ 32. Kh1 Qd4 33. Rg3+ Kh8 34. Rh3 Qg7 35. Qe6 Rf8 36. Re1 Rxc4 37. Qd7 Re4 38. Rf1 Nc5 39. Qc7 Rxf4 0-1

[Event "SVK-ch rapid"]
[Site "Topolcany"]
[Date "2020.07.11"]
[Round "1"]
[White "Ladnak, Marek"]
[Black "Kapusta, Petr"]
[Result "1-0"]
[WhiteElo "1586"]
[BlackElo "2084"]
[PlyCount "103"]
[EventDate "2020.07.11"]
[EventType "swiss (rapid)"]
[EventRounds "9"]
[EventCountry "SVK"]
[SourceTitle "CBM 197 Extra"]
[Source "ChessBase"]
[SourceDate "2020.09.30"]
[SourceVersion "1"]
[SourceVersionDate "2020.09.30"]
[SourceQuality "1"]

1. e4 c5 2. Nf3 d6 3. d4 cxd4 4. Nxd4 Nf6 5. Nc3 a6 6. h3 e5 7. Nb3 Be7 8. g4 Be6 9. Bg2 Nc6 10. Be3 0-0 11. 0-0 b5 12. Qd2 Rc8 13. Nd5 Bxd5 14. exd5 Nb8 15. Na5 Qd7 16. Bb6 Bd8 17. Bxd8 Rfxd8 18. Rac1 h6 19. b3 Rc5 20. c4 bxc4 21. Rxc4 Rdc8 22. Rfc1 Rxc4 23. Rxc4 Rxc4 24. bxc4 Qc7 25. Qb4 Nfd7 26. Nb7 Nc5 27. Nxc5 dxc5 28. Qb2 Qd6 29. Be4 Nd7 30. Qb7 Nf8 31. Bf5 g6 32. Bc8 a5 33. Qc6 Qb8 34. d6 Qb1+ 35. Kg2 Qd3 36. Qd5 Qe2 37. d7 Nxd7 38. Bxd7 e4 39. Bc6 Qf3+ 40. Kg1 Qxh3 41. Qxe4 Qc3 42. a4 Kg7 43. Kg2 Qf6 44. Qf3 Qe7 45. Bd5 h5 46. gxh5 Qg5+ 47. Kh3 f5 48. hxg6 Qh6+ 49. Kg2 Qg5+ 50. Qg3 Qf6 51. Qc7+ Kxg6 52. Qc6 1-0

[Event "SVK-ch U18/20"]
[Site "Liptovsky Mikulas"]
[Date "2019.04.28"]
[Round "7"]
[White "Ladnak, Marek"]
[Black "Harvan, Tomas"]
[Result "1-0"]
[WhiteElo "1876"]
[BlackElo "1656"]
[PlyCount "153"]
[EventDate "2019.04.23"]
[EventType "swiss"]
[EventRounds "9"]
[EventCountry "SVK"]
[SourceTitle "CBM 190 Extra"]
[Source "ChessBase"]
[SourceDate "2019.07.15"]
[SourceVersion "1"]
[SourceVersionDate "2019.07.15"]
[SourceQuality "1"]

1. e4 c6 2. d4 d5 3. e5 c5 4. c3 e6 5. Nf3 Nc6 6. Bd3 cxd4 7. cxd4 Nge7 8. Nc3 Ng6 9. 0-0 Be7 10. a3 a5 11. Qc2 0-0 12. Be3 Bd7 13. Rae1 Rc8 14. Qb1 Na7 15. Ne2 Bb5 16. Bxb5 Nxb5 17. Qd3 Qb6 18. Rb1 Na7 19. Nc3 Nc6 20. Nd2 Nh4 21. Ne2 Ng6 22. f4 f5 23. Kh1 Ra8 24. Rg1 Qa6 25. Qxa6 Rxa6 26. Nc3 a4 27. Rgc1 Rb8 28. Nb5 Rb6 29. Nc3 Ra6 30. g4 Nh4 31. h3 Ra5 32. Bf2 Rf8 33. Ne2 Ng6 34. Be3 Nh4 35. Kh2 h6 36. Kg3 Kh7 37. Nf3 Nxf3 38. Kxf3 g6 39. Kg3 Kg7 40. Rc3 Rb5 41. b4 Rf7 42. Rcc1 Rb6 43. Nc3 Rf8 44. gxf5 gxf5 45. Kf3 Ra8 46. Ra1 Na7 47. Nxa4 Ra6 48. Nc5 Bxc5 49. Rxc5 Rc6 50. Rac1 Rac8 51. b5 Rxc5 52. dxc5 Nxb5 53. Rb1 Nxa3 54. Rxb7+ Kg6 55. Rb6 Kf7 56. c6 Nc4 57. Ra6 Kg7 58. Bc5 Nd2+ 59. Ke3 Ne4 60. Bd6 Nc3 61. Ra7+ Kg6 62. c7 Nb5 63. Rb7 Nxc7 64. Rxc7 Rxc7 65. Bxc7 Kf7 66. Kd4 Ke7 67. Kc5 Kd7 68. Bb6 h5 69. h4 d4 70. Kxd4 Kc6 71. Ba5 Kb5 72. Bd8 Kb4 73. Be7+ Kb5 74. Ke3 Kc6 75. Kd4 Kb6 76. Bf6 Kc7 77. Bd8+ 1-0

[Event "SVK-ch U18/20"]
[Site "Liptovsky Mikulas"]
[Date "2018.04.25"]
[Round "7"]
[White "Ladnak, Marek"]
[Black "Ocko, Martin"]
[Result "1/2-1/2"]
[WhiteElo "1868"]
[BlackElo "2016"]
[PlyCount "57"]
[EventDate "2018.04.21"]
[EventType "swiss"]
[EventRounds "9"]
[EventCountry "SVK"]
[SourceTitle "CBM 184 Extra"]
[Source "ChessBase"]
[SourceDate "2018.06.28"]
[SourceVersion "1"]
[SourceVersionDate "2018.06.28"]
[SourceQuality "1"]

1. e4 g6 2. d4 Bg7 3. Nc3 a6 4. f4 d5 5. e5 Nh6 6. Be2 b5 7. Nxd5 Bb7 8. Ne3 e6 9. Nf3 0-0 10. 0-0 Nd7 11. a4 b4 12. c4 bxc3 13. bxc3 c5 14. Nc4 Bd5 15. Nd6 Nf5 16. Nxf5 gxf5 17. c4 Be4 18. Ng5 cxd4 19. Nxe4 fxe4 20. Qxd4 Qb6 21. Qxb6 Nxb6 22. a5 Nd7 23. Ba3 Rfc8 24. Rfd1 Nc5 25. Bxc5 Rxc5 26. Rd7 f6 27. Ra3 Rf8 28. Rg3 Rf7 29. Rd8+ 1/2-1/2

[Event "SVK-ch U18/20"]
[Site "Liptovsky Mikulas"]
[Date "2018.04.24"]
[Round "6"]
[White "Ganz, Tomas"]
[Black "Ladnak, Marek"]
[Result "0-1"]
[WhiteElo "1349"]
[BlackElo "1868"]
[PlyCount "50"]
[EventDate "2018.04.21"]
[EventType "swiss"]
[EventRounds "9"]
[EventCountry "SVK"]
[SourceTitle "CBM 184 Extra"]
[Source "ChessBase"]
[SourceDate "2018.06.28"]
[SourceVersion "1"]
[SourceVersionDate "2018.06.28"]
[SourceQuality "1"]

1. d4 Nf6 2. Nc3 d5 3. Bf4 c6 4. Qd2 Bf5 5. 0-0-0 Nbd7 6. Nf3 e6 7. a3 Be7 8. h3 Nb6 9. e3 0-0 10. Ne5 c5 11. g4 Bg6 12. h4 Ne4 13. Nxe4 Bxe4 14. Rh2 f6 15. Nd3 cxd4 16. exd4 Rc8 17. Be2 Nc4 18. Qe1 Qb6 19. Nb4 Nxa3 20. c3 Bxb4 21. Rh3 Nc2 22. Qf1 Na1 23. Bd3 Bxc3 24. bxc3 Rxc3+ 25. Kd2 Qb2+ 0-1

[Event "SVK-ch U16"]
[Site "Liptovsky Mikulas"]
[Date "2017.04.23"]
[Round "3"]
[White "Ladnak, Marek"]
[Black "Durica, Adam"]
[Result "0-1"]
[WhiteElo "1732"]
[BlackElo "1861"]
[PlyCount "64"]
[EventDate "2017.04.22"]
[EventType "swiss"]
[EventRounds "9"]
[EventCountry "SVK"]
[SourceTitle "CBM 178 Extra"]
[Source "ChessBase"]
[SourceDate "2017.06.22"]
[SourceVersion "1"]
[SourceVersionDate "2017.06.22"]
[SourceQuality "1"]

1. e4 g6 2. d4 Bg7 3. Nc3 d6 4. f4 Nf6 5. Nf3 c6 6. Bd3 0-0 7. 0-0 b5 8. a4 b4 9. Ne2 a5 10. c4 Qb6 11. Kh1 Nbd7 12. Ng3 e5 13. fxe5 dxe5 14. dxe5 Ng4 15. e6 fxe6 16. Qe1 Ba6 17. h3 Nge5 18. Qe2 Nxf3 19. gxf3 Ne5 20. Be3 c5 21. Rab1 Rad8 22. Rbd1 Nxd3 23. Rxd3 Bxc4 24. Rxd8 Bxe2 25. Rxf8+ Kxf8 26. Nxe2 Bxb2 27. Rd1 Ke7 28. Bg5+ Bf6 29. Bxf6+ Kxf6 30. Rd7 b3 31. f4 b2 32. e5+ Kf5 0-1

[Event "Liptovsky Mikulas V4 U15 op"]
[Site "Liptovsky Mikulas"]
[Date "2016.06.23"]
[Round "5"]
[White "Vorobieva, Varvara"]
[Black "Ladnak, Marek"]
[Result "0-1"]
[WhiteElo "1457"]
[BlackElo "1580"]
[PlyCount "66"]
[EventDate "2016.06.22"]
[EventType "swiss"]
[EventRounds "9"]
[EventCountry "SVK"]
[SourceTitle "CBM 173 Extra"]
[Source "ChessBase"]
[SourceDate "2016.08.29"]
[SourceVersion "1"]
[SourceVersionDate "2016.08.29"]
[SourceQuality "1"]

1. e4 c5 2. c3 d5 3. e5 Nc6 4. d4 Bf5 5. Nf3 e6 6. Be2 Qb6 7. 0-0 Rc8 8. b3 cxd4 9. cxd4 Nge7 10. Be3 Nb4 11. Nbd2 Bc2 12. Qe1 Nd3 13. Bxd3 Bxd3 14. Qd1 Bxf1 15. Qxf1 Nf5 16. Qd3 Bb4 17. Nf1 Rc3 18. Qe2 Nxe3 19. Nxe3 0-0 20. Nd1 Rc6 21. Ne3 Rfc8 22. h3 Qa6 23. Qxa6 Rxa6 24. a4 Rac6 25. Kh2 Rc1 26. Ra2 Rb1 27. Nc2 Rxb3 28. Nxb4 Rxb4 29. a5 Rcc4 30. Kg3 h6 31. Kf4 Kf8 32. Ke3 Rb3+ 33. Ke2 Rcb4 0-1

[Event "SVK-ch U16"]
[Site "Liptovsky Mikulas"]
[Date "2016.04.18"]
[Round "3"]
[White "Ladnak, Marek"]
[Black "Sustek, Radoslav"]
[Result "1-0"]
[WhiteElo "1589"]
[BlackElo "1893"]
[PlyCount "81"]
[EventDate "2016.04.16"]
[EventType "swiss"]
[EventRounds "9"]
[EventCountry "SVK"]
[SourceTitle "CBM 172 Extra"]
[Source "ChessBase"]
[SourceDate "2016.06.21"]
[SourceVersion "1"]
[SourceVersionDate "2016.06.21"]
[SourceQuality "1"]

1. e4 c5 2. Nc3 Nc6 3. g3 e5 4. d3 d6 5. Bg2 Nf6 6. Bg5 Be7 7. Bxf6 Bxf6 8. Nd5 Be6 9. Nxf6+ Qxf6 10. Ne2 Bg4 11. h3 Bf3 12. Bxf3 Qxf3 13. Rf1 0-0-0 14. Nc3 Qxd1+ 15. Kxd1 Rhf8 16. Nd5 f5 17. Kd2 fxe4 18. dxe4 Rf3 19. c3 Rdf8 20. Ke2 Kd7 21. Rad1 Nd8 22. Rd3 Rxd3 23. Kxd3 Ne6 24. h4 b5 25. a3 c4+ 26. Ke3 Nc5 27. f4 Nd3 28. f5 Rf7 29. g4 Kc6 30. Nb4+ Nxb4 31. axb4 Kb6 32. Rd1 Rd7 33. g5 Kc6 34. Rd5 a6 35. Kf3 g6 36. f6 h5 37. gxh6 Rf7 38. Kg4 Rxf6 39. Kg5 Rf4 40. h7 Rxe4 41. Rd2 1-0

[Event "SVK-ch U16"]
[Site "Liptovsky Mikulas"]
[Date "2016.04.17"]
[Round "2"]
[White "Sivcak, Matej"]
[Black "Ladnak, Marek"]
[Result "0-1"]
[WhiteElo "1379"]
[BlackElo "1589"]
[PlyCount "98"]
[EventDate "2016.04.16"]
[EventType "swiss"]
[EventRounds "9"]
[EventCountry "SVK"]
[SourceTitle "CBM 172 Extra"]
[Source "ChessBase"]
[SourceDate "2016.06.21"]
[SourceVersion "1"]
[SourceVersionDate "2016.06.21"]
[SourceQuality "1"]

1. d4 d5 2. Bf4 Bf5 3. e3 e6 4. a3 Nf6 5. c4 c6 6. Nc3 Be7 7. Nf3 Nbd7 8. c5 b6 9. b4 bxc5 10. bxc5 Qa5 11. Qd2 Bd8 12. Nh4 Ne4 13. Nxe4 Bxe4 14. Bg3 Qa4 15. Qb2 Ba5+ 16. Ke2 Nxc5 17. f4 Nd3 18. Qa2 Bc3 19. Rb1 Nb4 20. Qb3 Qxb3 21. Rxb3 Na2 22. Kd1 0-0 23. f5 exf5 24. Nf3 f6 25. Ba6 Rae8 26. Nd2 Bxg2 27. Rg1 Bh3 28. Bf2 Bg4+ 29. Kc2 Ba5 30. Rgb1 Nc3 31. Rxc3 Bxc3 32. Kxc3 Rb8 33. Bb7 Rf7 34. Bxc6 Rxb1 35. Bxd5 Rbb7 36. Nc4 Kf8 37. Bg3 Rb1 38. Kc2 Ra1 39. Kb2 Rd1 40. Bd6+ Ke8 41. Bxf7+ Kxf7 42. Bg3 Ke6 43. Kc3 Kd5 44. Nb2 Ra1 45. Kb3 Bd1+ 46. Kb4 a5+ 47. Kxa5 Rxa3+ 48. Kb4 Rb3+ 49. Ka5 Rxb2 0-1